[Event "Fagernes op"]
[Site "Fagernes"]
[Date "2024.03.29"]
[Round "7"]
[White "Nielsen, Viktor Haarmark"]
[Black "Aamodt, Peder Marcus"]
[Result "1-0"]
[WhiteElo "2351"]
[BlackElo "1941"]
[PlyCount "97"]
[EventDate "2024.03.24"]
[EventType "swiss"]
[EventRounds "9"]
[EventCountry "NOR"]
[SourceTitle "CB14_2024"]
[SourceDate "2024.04.01"]
[SourceVersion "1"]
[SourceVersionDate "2024.04.01"]
[SourceQuality "1"]

1. d4 d5 2. c4 e6 3. Nf3 Nf6 4. g3 dxc4 5. Bg2 a6 6. 0-0 Nc6 7. Nbd2 b5 8. b3 Rb8 9. bxc4 Nxd4 10. Nxd4 Qxd4 11. Rb1 Be7 12. Qc2 0-0 13. cxb5 axb5 14. Qxc7 Qd6 15. Qxd6 Bxd6 16. Rd1 Be7 17. Bb2 b4 18. Nb3 Bb7 19. Na5 Bxg2 20. Kxg2 Rfc8 21. Rbc1 Rxc1 22. Rxc1 h6 23. Nc6 Rb7 24. Be5 Bf8 25. Nd8 Rb5 26. f4 Nd7 27. Bd4 Rd5 28. Nc6 Nb8 29. Nxb8 Rxd4 30. Rc2 g5 31. Nc6 Rd5 32. Ne5 gxf4 33. gxf4 Rb5 34. Rc8 Kg7 35. Rc7 Ra5 36. Rxf7+ Kg8 37. Rb7 Rxa2 38. Kf3 Rb2 39. Nc6 Rb1 40. Nd4 Rf1+ 41. Ke4 Re1 42. e3 Bc5 43. Nxe6 Bxe3 44. Kf5 Bd2 45. Kf6 Bc3+ 46. Ke7 h5 47. h4 Kh7 48. Kf7 Rf1 49. Ng5+ 1-0

[Event "Fagernes op"]
[Site "Fagernes"]
[Date "2024.03.27"]
[Round "5"]
[White "Haug, Havard"]
[Black "Aamodt, Peder Marcus"]
[Result "0-1"]
[WhiteElo "2341"]
[BlackElo "1941"]
[PlyCount "56"]
[EventDate "2024.03.24"]
[EventType "swiss"]
[EventRounds "9"]
[EventCountry "NOR"]
[SourceTitle "CB14_2024"]
[SourceDate "2024.04.01"]
[SourceVersion "1"]
[SourceVersionDate "2024.04.01"]
[SourceQuality "1"]

1. d4 Nf6 2. Nc3 d5 3. Bf4 e6 4. Nb5 Na6 5. e3 Be7 6. Nf3 0-0 7. h4 c6 8. Nc3 c5 9. Ne5 Bd7 10. g4 Be8 11. g5 Nd7 12. Bxa6 Nxe5 13. Bxb7 Rb8 14. Ba6 Rb6 15. Bxe5 Rxa6 16. dxc5 Bxc5 17. Ne2 Bb5 18. Ng3 Bd6 19. Qd4 Ra4 20. Qc3 Bb4 21. Bxg7 Bxc3+ 22. Bxc3 f6 23. Nh5 e5 24. Nxf6+ Rxf6 25. gxf6 Qxf6 26. b3 Qf3 27. Kd2 Rg4 28. Kc1 Qxh1+ 0-1

[Event "Fagernes op"]
[Site "Fagernes"]
[Date "2024.03.26"]
[Round "3"]
[White "Rasmussen, Casper"]
[Black "Aamodt, Peder Marcus"]
[Result "0-1"]
[WhiteElo "2244"]
[BlackElo "1941"]
[PlyCount "54"]
[EventDate "2024.03.24"]
[EventType "swiss"]
[EventRounds "9"]
[EventCountry "NOR"]
[SourceTitle "CB14_2024"]
[SourceDate "2024.04.01"]
[SourceVersion "1"]
[SourceVersionDate "2024.04.01"]
[SourceQuality "1"]

1. Nf3 d5 2. d4 Nf6 3. c4 e6 4. g3 dxc4 5. Bg2 Nc6 6. Qa4 Bb4+ 7. Bd2 Nd5 8. Qc2 Nb6 9. Bxb4 Nxb4 10. Qc3 a5 11. 0-0 Bd7 12. Na3 0-0 13. Nxc4 Nxc4 14. Qxc4 Bc6 15. a3 Bd5 16. Qc3 Nc6 17. Rfd1 Qd6 18. Rac1 Rfd8 19. e3 Rac8 20. Ne1 Bxg2 21. Nxg2 a4 22. Qc4 Ne5 23. Qe2 Ng6 24. Qb5 Qa6 25. Qxa6 bxa6 26. Rc4 Rb8 27. Rd2 Ne5 0-1

[Event "Fagernes Autumn op"]
[Site "Fagernes"]
[Date "2023.10.08"]
[Round "1"]
[White "Aamodt, Peder Marcus"]
[Black "Heinemann, Josefine"]
[Result "1/2-1/2"]
[WhiteElo "2047"]
[BlackElo "2296"]
[PlyCount "63"]
[EventDate "2023.10.08"]
[EventType "swiss"]
[EventRounds "9"]
[EventCountry "NOR"]
[SourceTitle "Mega2024 Update 01"]
[Source "Chessbase"]
[SourceDate "2023.11.12"]
[SourceVersion "1"]
[SourceVersionDate "2023.11.12"]
[SourceQuality "1"]

1. e4 c5 2. Nf3 d6 3. Bb5+ Nd7 4. a4 Ngf6 5. Nc3 a6 6. Be2 b6 7. d4 cxd4 8. Qxd4 Bb7 9. 0-0 e5 10. Qe3 Be7 11. Nd2 0-0 12. Nc4 Nc5 13. f3 Qc7 14. b4 Ncd7 15. Rd1 d5 16. Nxd5 Nxd5 17. exd5 Bxb4 18. Ba3 Bxa3 19. Rxa3 a5 20. d6 Qd8 21. Rb3 Bc6 22. Nxb6 Nxb6 23. Rxb6 Bxa4 24. Bd3 g6 25. Be4 Rc8 26. Ra6 Bxc2 27. Bxc2 Rxc2 28. d7 Qc7 29. Rad6 Rd8 30. Qxe5 Qc5+ 31. Qxc5 Rxc5 32. R6d5 1/2-1/2

[Event "Fagernes op-A"]
[Site "Fagernes"]
[Date "2023.04.08"]
[Round "8"]
[White "Aamodt, Peder Marcus"]
[Black "Oberoi, Shelev"]
[Result "1/2-1/2"]
[WhiteElo "2022"]
[BlackElo "2226"]
[PlyCount "222"]
[EventDate "2023.04.02"]
[EventType "swiss"]
[EventRounds "9"]
[EventCountry "NOR"]
[SourceTitle "CBM 213 Extra"]
[Source "ChessBase"]
[SourceDate "2023.05.31"]
[SourceVersion "1"]
[SourceVersionDate "2023.05.31"]
[SourceQuality "1"]

1. d4 Nf6 2. c4 b6 3. Nf3 Bb7 4. g3 e5 5. d5 Bb4+ 6. Bd2 Qe7 7. Nc3 Bxc3 8. Bxc3 d6 9. Nd2 0-0 10. Bg2 c6 11. e4 cxd5 12. exd5 b5 13. 0-0 bxc4 14. Nxc4 Ba6 15. b3 Rc8 16. Re1 Nbd7 17. Bf1 Bxc4 18. bxc4 Nb6 19. Qb3 Rab8 20. Rab1 Nfd7 21. Qa3 Nc5 22. Rb5 a6 23. Rb4 f5 24. Reb1 Qa7 25. Bd2 Nbd7 26. Be3 Qc7 27. Be2 Rf8 28. f4 Rbe8 29. Bd1 exf4 30. Bxf4 Ne5 31. Be2 Ng6 32. Bh5 Nxf4 33. gxf4 Re4 34. Qg3 Qe7 35. Rb8 Qf6 36. Rxf8+ Kxf8 37. Rb8+ Ke7 38. Qg5 Qxg5+ 39. fxg5 Rxc4 40. Re8+ Kd7 41. Rh8 Rc1+ 42. Kg2 Rc2+ 43. Kg1 h6 44. Rg8 hxg5 45. Rxg7+ Kd8 46. Rxg5 Rxa2 47. Rxf5 Nd7 48. h4 Ra4 49. Be2 Rxh4 50. Bxa6 Ne5 51. Bb5 Kc7 52. Kf2 Kb6 53. Bc6 Nxc6 54. dxc6 Re4 55. Kf3 Re8 56. Rd5 Kxc6 57. Rd1 d5 58. Rc1+ Kb5 59. Rb1+ Kc4 60. Rc1+ Kb3 61. Rd1 Re5 62. Kf4 Re4+ 63. Kf3 Kc4 64. Rc1+ Kd4 65. Rd1+ Kc5 66. Rc1+ Rc4 67. Rd1 Rc2 68. Ke3 Rc3+ 69. Kd2 Ra3 70. Rh1 Kc4 71. Rh8 Ra2+ 72. Kd1 Rg2 73. Rh3 Rg4 74. Kd2 Rf4 75. Rg3 Rd4+ 76. Kc2 Kb4 77. Rb3+ Kc5 78. Rh3 Rc4+ 79. Kd2 Ra4 80. Rg3 Ra1 81. Rc3+ Kd4 82. Rd3+ Ke4 83. Re3+ Kf4 84. Rh3 Ra2+ 85. Kd1 d4 86. Rb3 Ke4 87. Rh3 Rg2 88. Ra3 Rh2 89. Rg3 Rh4 90. Ra3 Kd5 91. Rg3 Kc4 92. Rf3 Rh8 93. Rg3 Rh5 94. Rf3 d3 95. Rf8 Kd4 96. Rd8+ Ke3 97. Re8+ Kd4 98. Rd8+ Kc4 99. Rc8+ Rc5 100. Rxc5+ Kxc5 101. Kd2 Kc4 102. Kd1 Kc3 103. Kc1 Kb4 104. Kd2 Kc4 105. Kd1 Kc5 106. Kd2 Kd4 107. Kd1 Kd5 108. Kd2 Ke4 109. Kd1 Ke3 110. Ke1 d2+ 111. Kd1 Kd3 1/2-1/2

[Event "Fagernes op-A"]
[Site "Fagernes"]
[Date "2023.04.07"]
[Round "7"]
[White "Aamodt, Peder Marcus"]
[Black "Oye Stromberg, Alexander"]
[Result "1/2-1/2"]
[WhiteElo "2022"]
[BlackElo "2329"]
[PlyCount "40"]
[EventDate "2023.04.02"]
[EventType "swiss"]
[EventRounds "9"]
[EventCountry "NOR"]
[SourceTitle "CBM 213 Extra"]
[Source "ChessBase"]
[SourceDate "2023.05.31"]
[SourceVersion "1"]
[SourceVersionDate "2023.05.31"]
[SourceQuality "1"]

1. d4 Nf6 2. c4 e6 3. Nc3 Bb4 4. e3 0-0 5. Bd3 d5 6. a3 Bxc3+ 7. bxc3 dxc4 8. Bxc4 c5 9. Ne2 Qc7 10. Ba2 b6 11. 0-0 Ba6 12. Bb2 Nc6 13. Rc1 Rfd8 14. c4 Qe7 15. Re1 Rac8 16. Nf4 Na5 17. d5 e5 18. Nh5 Nxh5 19. Qxh5 f6 20. Qd1 Qd7 1/2-1/2

[Event "Fagernes op-A"]
[Site "Fagernes"]
[Date "2023.04.05"]
[Round "4"]
[White "Aamodt, Peder Marcus"]
[Black "Hentrich, Johannes"]
[Result "0-1"]
[WhiteElo "2022"]
[BlackElo "2166"]
[PlyCount "142"]
[EventDate "2023.04.02"]
[EventType "swiss"]
[EventRounds "9"]
[EventCountry "NOR"]
[SourceTitle "CBM 213 Extra"]
[Source "ChessBase"]
[SourceDate "2023.05.31"]
[SourceVersion "1"]
[SourceVersionDate "2023.05.31"]
[SourceQuality "1"]

1. e4 c5 2. Nf3 d6 3. Bb5+ Nd7 4. a4 Ngf6 5. Nc3 e6 6. d4 cxd4 7. Qxd4 Be7 8. 0-0 0-0 9. Rd1 a6 10. Be2 Qc7 11. Qc4 Qxc4 12. Bxc4 b6 13. Bf4 e5 14. Bg5 Bb7 15. Nd2 h6 16. Bxf6 Nxf6 17. f3 Rfd8 18. Nf1 Rac8 19. Ne3 Kf8 20. b3 g6 21. Rd3 Rc5 22. Bd5 Bxd5 23. Ncxd5 Nxd5 24. Nxd5 Rxc2 25. Nxb6 d5 26. Nxd5 Bc5+ 27. Kh1 Bd4 28. Rad1 Kg7 29. Nb4 Rb2 30. g3 Rc8 31. R1d2 Rxd2 32. Rxd2 Rc1+ 33. Kg2 Rg1+ 34. Kh3 Bc3 35. Rd6 Bxb4 36. Rxa6 Bc3 37. Rc6 Bd4 38. b4 Ra1 39. a5 Ra2 40. a6 Bg1 41. f4 h5 42. g4 exf4 43. gxh5 gxh5 44. Kh4 Rxh2+ 45. Kg5 Be3 46. Rc3 Rb2 47. Ra3 Ba7 48. Kxf4 Rxb4 49. Ra5 Rb6 50. Kg5 Rh6 51. e5 h4 52. e6 Rxe6 53. Kxh4 Rg6 54. Kh5 Kf8 55. Ra1 Ke7 56. Ra4 Rd6 57. Kg5 Rd5+ 58. Kh6 Kf8 59. Ra3 Re5 60. Rh3 Re6+ 61. Kh7 Rxa6 62. Rf3 Re6 63. Rc3 Be3 64. Rc8+ Ke7 65. Kg7 Bd4+ 66. Kg8 f5 67. Rc4 Be5 68. Ra4 Kf6 69. Kh7 f4 70. Kh6 Kf5+ 71. Kh5 Re8 0-1

[Event "EU-ch Hybrid U14"]
[Site "Tornelo INT"]
[Date "2021.10.15"]
[Round "2"]
[White "Aamodt, Peder Marcus"]
[Black "Madhavan, Sanjith1111"]
[Result "1-0"]
[WhiteElo "1808"]
[BlackElo "1498"]
[PlyCount "101"]
[EventDate "2021.10.15"]
[EventType "swiss"]
[EventRounds "9"]
[EventCountry "NET"]
[SourceTitle "EXT 2023"]
[Source "ChessBase"]
[SourceDate "2022.10.05"]
[SourceVersion "1"]
[SourceVersionDate "2022.10.05"]
[SourceQuality "1"]
[WhiteTeam "Norway"]
[BlackTeam "Schottland"]
[WhiteTeamCountry "NOR"]
[BlackTeamCountry "SCO"]

1. e4 c6 2. Nf3 d5 3. Nc3 dxe4 4. Nxe4 Nf6 5. Qe2 Nxe4 6. Qxe4 Qd5 7. Qh4 Qe6+ 8. Be2 Qg4 9. d4 g6 10. Qxg4 Bxg4 11. Bf4 Bg7 12. 0-0-0 0-0 13. Rhe1 Nd7 14. h3 Bxf3 15. Bxf3 e6 16. c4 Rac8 17. Kb1 Nb6 18. b3 Rfd8 19. Be3 Rd7 20. a4 Rcd8 21. Bg5 f6 22. Be3 Kf7 23. a5 Na8 24. a6 b6 25. Bxc6 Rd6 26. Bxa8 Rxa8 27. Bf4 Rd7 28. c5 Bf8 29. Be3 Rc8 30. Rc1 bxc5 31. dxc5 Rc6 32. Kb2 Rxa6 33. Ra1 Rc6 34. b4 Rb7 35. Kc3 f5 36. Bd4 a6 37. Ra5 Rd7 38. Re2 Rd5 39. Kc4 Rdd6 40. b5 Rxd4+ 41. Kxd4 Bxc5+ 42. Kc4 Rc7 43. Rxa6 e5 44. Rc6 Rxc6 45. bxc6 Bd6 46. Kd5 Bc7 47. Rxe5 Bxe5 48. Kxe5 Ke7 49. f4 h6 50. c7 Kd7 51. Kf6 1-0

[Event "Oslo OSS-ch Junior-A"]
[Site "Oslo"]
[Date "2020.06.24"]
[Round "1"]
[White "Aamodt, Peder Marcus"]
[Black "Grave, Jacob Templen"]
[Result "0-1"]
[WhiteElo "1764"]
[BlackElo "2136"]
[PlyCount "68"]
[EventDate "2020.06.24"]
[EventType "swiss"]
[EventRounds "5"]
[EventCountry "NOR"]
[SourceTitle "EXT 2024"]
[Source "ChessBase"]
[SourceDate "2023.10.10"]
[SourceVersion "1"]
[SourceVersionDate "2023.10.10"]
[SourceQuality "1"]

1. Nf3 Nf6 2. c4 e6 3. Nc3 d5 4. d4 c6 5. e3 Nbd7 6. Qc2 Bd6 7. Bd3 dxc4 8. Bxc4 b5 9. Bd3 Bb7 10. 0-0 0-0 11. Ne4 Nxe4 12. Bxe4 h6 13. a4 Rc8 14. axb5 cxb5 15. Qd3 Bxe4 16. Qxe4 Qb6 17. Bd2 b4 18. Qd3 a5 19. e4 Ra8 20. b3 Rfc8 21. Rfc1 Rxc1+ 22. Bxc1 Qc6 23. Bd2 a4 24. bxa4 Rxa4 25. Rc1 Qb7 26. e5 Bf8 27. h4 Ra3 28. Qb1 b3 29. Bc3 Nb6 30. Nd2 Na4 31. Nc4 Ra2 32. Be1 b2 33. Nxb2 Qxb2 34. Qxb2 Rxb2 0-1

[Event "Oslo OSS-ch Junior-A"]
[Site "Oslo"]
[Date "2020.06.24"]
[Round "2"]
[White "Westrum, Kim Roger Hansen"]
[Black "Aamodt, Peder Marcus"]
[Result "1/2-1/2"]
[WhiteElo "1962"]
[BlackElo "1764"]
[PlyCount "76"]
[EventDate "2020.06.24"]
[EventType "swiss"]
[EventRounds "5"]
[EventCountry "NOR"]
[SourceTitle "EXT 2024"]
[Source "ChessBase"]
[SourceDate "2023.10.10"]
[SourceVersion "1"]
[SourceVersionDate "2023.10.10"]
[SourceQuality "1"]

1. e4 e5 2. Nf3 Nc6 3. Bb5 Nf6 4. d3 Bc5 5. Bxc6 dxc6 6. Nbd2 Qe7 7. Nc4 Nd7 8. Bd2 f6 9. Qe2 Nb6 10. Ne3 Be6 11. h3 Bxe3 12. Bxe3 c5 13. b3 a5 14. a4 Nd7 15. Nd2 b6 16. f4 0-0-0 17. f5 Bf7 18. Nc4 Bxc4 19. bxc4 Nb8 20. 0-0 Nc6 21. Rfd1 Nd4 22. Qf2 g5 23. Ra2 h5 24. g3 g4 25. h4 Rd7 26. Rb2 Nc6 27. Rdb1 Nb4 28. Bd2 Qd6 29. Bc3 Qc6 30. Ra1 Rdd8 31. Rbb1 Rh7 32. Rf1 Qd7 33. Rfd1 Nc6 34. Kf1 Rhh8 35. Rab1 Nb4 36. Ra1 Nc6 37. Rab1 Nb4 38. Ra1 Nc6 1/2-1/2

[Event "As CC-ch A"]
[Site "As"]
[Date "2020.02.06"]
[Round "3"]
[White "Moberg, Jan Rune"]
[Black "Aamodt, Peder Marcus"]
[Result "0-1"]
[WhiteElo "1631"]
[BlackElo "1699"]
[PlyCount "106"]
[EventDate "2020.01.16"]
[EventType "swiss"]
[EventRounds "6"]
[EventCountry "NOR"]
[SourceTitle "EXT 2024"]
[Source "ChessBase"]
[SourceDate "2023.10.10"]
[SourceVersion "1"]
[SourceVersionDate "2023.10.10"]
[SourceQuality "1"]

1. d4 Nf6 2. c4 e6 3. Nf3 d5 4. g3 Be7 5. Bg2 0-0 6. 0-0 dxc4 7. a4 Bd7 8. Ne5 Bc6 9. Nxc6 Nxc6 10. e3 Nd5 11. Bd2 a5 12. b3 cxb3 13. Qxb3 Bb4 14. Rd1 Rb8 15. e4 Nf6 16. Be3 Ng4 17. Na3 Nxe3 18. Qxe3 Bxa3 19. Rxa3 e5 20. d5 Nd4 21. Rc3 Qd7 22. Rc4 c6 23. h4 Qg4 24. Rd3 cxd5 25. Rc5 b6 26. Rxd5 Nc2 27. Qd2 Nb4 28. Bf3 Qh3 29. Bg2 Qe6 30. Rd6 Qe8 31. Rc3 Qxa4 32. Bh3 Qa2 33. Qc1 Qe2 34. Bf5 Na2 35. Qe3 Nxc3 36. Qxc3 Rbd8 37. Qxe5 Rxd6 38. Qxd6 b5 39. e5 Re8 40. f4 Qe3+ 41. Kg2 Qa7 42. Bd7 Rb8 43. e6 fxe6 44. Qxe6+ Kh8 45. Bxb5 a4 46. Bc4 a3 47. h5 a2 48. Bxa2 Rb2+ 49. Kh3 Qxa2 50. Qe8+ Qg8 51. Qe5 Rb6 52. g4 Rf6 53. g5 Qe6+ 0-1

[Event "As CC-ch A"]
[Site "As"]
[Date "2020.01.23"]
[Round "2"]
[White "Aamodt, Peder Marcus"]
[Black "Andersen, Odd"]
[Result "1-0"]
[WhiteElo "1696"]
[BlackElo "1721"]
[PlyCount "85"]
[EventDate "2020.01.16"]
[EventType "swiss"]
[EventRounds "6"]
[EventCountry "NOR"]
[SourceTitle "EXT 2024"]
[Source "ChessBase"]
[SourceDate "2023.10.10"]
[SourceVersion "1"]
[SourceVersionDate "2023.10.10"]
[SourceQuality "1"]

1. e4 e5 2. Nf3 Nc6 3. Bb5 a6 4. Bxc6 dxc6 5. 0-0 Bd6 6. d4 Bg4 7. dxe5 Bxf3 8. Qxf3 Bxe5 9. Qb3 b6 10. Nd2 Ne7 11. Nc4 Ng6 12. Nxe5 Nxe5 13. Qc3 Qd6 14. f4 Nd7 15. Qxg7 0-0-0 16. Be3 Qe6 17. Rae1 Rdg8 18. Qd4 Nf6 19. f5 Qe7 20. Qc4 Kb7 21. Bd4 Ng4 22. Bxh8 Rxh8 23. h3 Ne5 24. Qc3 Rg8 25. f6 Qe6 26. Rf5 Re8 27. Rxe5 Qxe5 28. Qxe5 Rxe5 29. Kf2 Kc8 30. Ke3 Kd7 31. Rf1 Rb5 32. b3 Ra5 33. a4 b5 34. Rf5 Kd6 35. Kd4 Ke6 36. g4 c5+ 37. Rxc5 Kxf6 38. Kc3 b4+ 39. Kxb4 Rxc5 40. Kxc5 Ke5 41. b4 Kxe4 42. b5 axb5 43. a5 1-0

[Event "As Follo CC-chB"]
[Site "As"]
[Date "2019.03.14"]
[Round "8"]
[White "Rost, Stian"]
[Black "Aamodt, Peder Marcus"]
[Result "0-1"]
[WhiteElo "1279"]
[BlackElo "1408"]
[PlyCount "108"]
[EventDate "2019.01.10"]
[EventType "swiss"]
[EventRounds "9"]
[EventCountry "NOR"]
[SourceTitle "EXT 2024"]
[Source "ChessBase"]
[SourceDate "2023.10.10"]
[SourceVersion "1"]
[SourceVersionDate "2023.10.10"]
[SourceQuality "1"]

1. e4 c5 2. Nf3 e6 3. d4 cxd4 4. Nxd4 Nf6 5. Bd3 Nc6 6. Nf3 a6 7. Bg5 Be7 8. Nc3 d6 9. Qd2 h6 10. Be3 e5 11. h3 Be6 12. a3 Rc8 13. 0-0 b5 14. b3 d5 15. exd5 Nxd5 16. Nxd5 Bxd5 17. Be2 Bxf3 18. Qxd8+ Nxd8 19. Bxf3 Rxc2 20. Rfc1 Rxc1+ 21. Rxc1 Bxa3 22. Ra1 b4 23. Bc1 Bxc1 24. Rxc1 0-0 25. Ra1 Ne6 26. Rxa6 Rb8 27. Ra5 Nd4 28. Bd5 Ne2+ 29. Kf1 Nc3 30. Bc4 e4 31. Ra7 Rd8 32. Bxf7+ Kf8 33. g3 Rd1+ 34. Kg2 Nb5 35. Bh5 Nxa7 36. Bxd1 Nb5 37. Bc2 Nd4 38. Bd1 Ke7 39. g4 Kd6 40. Kg3 Ke5 41. h4 Nf3 42. Be2 Nd2 43. Bd1 g5 44. hxg5 hxg5 45. Bc2 Kd4 46. Bxe4 Kxe4 47. f4 gxf4+ 48. Kh4 f3 49. g5 f2 50. g6 f1Q 51. g7 Qf6+ 52. Kh5 Qxg7 53. Kh4 Kf4 54. Kh3 Qg3# 0-1

[Event "As Follo CC-chB"]
[Site "As"]
[Date "2019.03.07"]
[Round "6"]
[White "Skaret, Runar"]
[Black "Aamodt, Peder Marcus"]
[Result "0-1"]
[WhiteElo "1387"]
[BlackElo "1384"]
[PlyCount "118"]
[EventDate "2019.01.10"]
[EventType "swiss"]
[EventRounds "9"]
[EventCountry "NOR"]
[SourceTitle "EXT 2024"]
[Source "ChessBase"]
[SourceDate "2023.10.10"]
[SourceVersion "1"]
[SourceVersionDate "2023.10.10"]
[SourceQuality "1"]

1. e4 c5 2. Bc4 Nc6 3. d3 e5 4. Nf3 Be7 5. 0-0 d6 6. h3 Nf6 7. Nbd2 h6 8. a3 0-0 9. Nh4 Nxe4 10. Ng6 Nxd2 11. Nxe7+ Qxe7 12. Bxd2 Be6 13. Ba2 Bxa2 14. Rxa2 f5 15. c3 f4 16. f3 Rf6 17. Rf2 Rg6 18. Re2 Qe6 19. Ra1 Qxh3 20. Qb3+ Kh7 21. Qxb7 Qc8 22. Qxc8 Rxc8 23. Kf2 Rb8 24. b4 Rg3 25. Kg1 Rg6 26. Be1 Rf6 27. Bf2 cxb4 28. axb4 Rf7 29. Rea2 Rbb7 30. Ra6 Rfc7 31. Rb1 Rb5 32. Kf1 Kg8 33. Rba1 d5 34. Ke2 d4 35. Be1 dxc3 36. Bxc3 Nxb4 37. Rxa7 Rxc3 38. Rb1 Rbc5 39. Rd7 Rc2+ 40. Kd1 Nd5 41. Rxd5 R5c3 42. Rxe5 Rxg2 43. Rd5 Rg1+ 44. Kd2 Rxd3+ 45. Kxd3 Rxb1 46. Ke4 Rb4+ 47. Kf5 Kh7 48. Re5 Rd4 49. Re4 Rxe4 50. Kxe4 g5 51. Kf5 Kg7 52. Kg4 Kg6 53. Kh3 h5 54. Kg2 Kf5 55. Kh3 g4+ 56. Kg2 g3 57. Kh3 Kg5 58. Kg2 Kh4 59. Kg1 Kh3 0-1